00495nam a22001457a 450000500170000000800410001702000180005804100130007608200140008910000560010324500890015926000440024830000320029265000250032420231113103506.0231113b |||||||| |||| 00| 0 eng d a9780409058192 aEnglish  a345.5 SWA aSwanepoel, JP ; Lotter, S and Karels, MG lEnglish  aPolicing and the Law : b A Practical Guide /cJP Swanepoel, S Lotter and MG Karels  aDurban : bLexisNexis (Pty) Ltd, c2014 bxxii, 457 pages ; c25 cm.  aLegal practice bLaw